The Best Informational Diagrams

Bibliographic Details
Format: Book
Language:English
Published: Tokyo : P.I.E Books , c1999
Subjects:

MARC

LEADER 00000cam a2200000 7i4500
001 0000014920
005 20230711.0
008 050128 ja eng
020 |a 3931884422 (hbk) 
040 |a INS 
090 0 0 |a QA19.C45   |b B47 1999 
245 1 4 |a The Best Informational Diagrams 
260 |a Tokyo :   |b P.I.E Books ,   |c c1999 
300 |a 216 p. :   |b col., ill. ;   |c 31 cm. 
500 |a Includes index 
650 0 |a Charts, diagrams, etc. 
650 0 |a Statistics   |x Charts, diagrams, etc. 
999 |a 0000011461   |b BOOK   |c Open Shelf   |e Default branch